बँक रॉबरी (Record no. 983978)

MARC details
000 -LEADER
fixed length control field 00348nam a2200133Ia 4500
008 - FIXED-LENGTH DATA ELEMENTS--GENERAL INFORMATION
fixed length control field 151001s9999||||xx |||||||||||||| ||und||
100 ## - MAIN ENTRY--PERSONAL NAME
Personal name जेम्स हॅडली चेस
245 ## - TITLE STATEMENT
Title बँक रॉबरी
250 ## - EDITION STATEMENT
Edition statement 1
260 ## - PUBLICATION, DISTRIBUTION, ETC. (IMPRINT)
Name of publisher, distributor, etc गिता एजन्सी
260 ## - PUBLICATION, DISTRIBUTION, ETC. (IMPRINT)
Date of publication, distribution, etc 2004
300 ## - PHYSICAL DESCRIPTION
Extent 184
365 ## - TRADE PRICE
Price amount 21

No items available.